(Des)encuentros entre reformas sociales, salud, pobreza y desigualdad en América Latina /
Los encuentros y separaciones son dos nociones que aluden el título de este libro, referidos a las problemáticas que relacionan reformas sociales, los sistemas en la esfera de la salud y los actores sociales, y las estructuras de la pobreza y la desigualdad. En América Latina se han aplicado históri...
Guardat en:
| Autor principal: | |
|---|---|
| Altres autors: | |
| Format: | Desconegut |
| Idioma: | Spanish |
| Publicat: |
Argentina :
CLACSO ; Universidad Nacional de Quilmes, 2012
|
| Matèries: | |
| Etiquetes: |
Afegir etiqueta
Sense etiquetes, Sigues el primer a etiquetar aquest registre!
|
MARC
| LEADER | 00000 a2200000 04500 | ||
|---|---|---|---|
| 001 | 46895 | ||
| 003 | cru CIDCACS/IIS | ||
| 005 | 20220317120904.0 | ||
| 008 | 050704s2012 ag spa d | ||
| 020 | |a 978-987-1891-20-7 | ||
| 022 | |a 978-987-1891-20-7 | ||
| 040 | |c cru CIDCACS/IIS | ||
| 090 | |a 05.03.04 F451d T.1 | ||
| 100 | 1 | |a Fidel, Carlos |e coordinador |9 5704 | |
| 245 | |a (Des)encuentros entre reformas sociales, salud, pobreza y desigualdad en América Latina / |c coordinado por Carlos Fidel y Enrique Valencia Lomelí | ||
| 260 | |a Argentina : |b CLACSO ; Universidad Nacional de Quilmes, 2012 | ||
| 300 | |a 237 páginas, tomo I : |b tablas, gráficos | ||
| 520 | |a Los encuentros y separaciones son dos nociones que aluden el título de este libro, referidos a las problemáticas que relacionan reformas sociales, los sistemas en la esfera de la salud y los actores sociales, y las estructuras de la pobreza y la desigualdad. En América Latina se han aplicado históricamente reformas económicas, políticas y sociales, diseñadas e implementadas de manera diferenciada y con alcances heterogéneos. Se hace referencia a tres diferentes generaciones de reformas y a sus efectos en los diferentes países. En el marco de la convivencia de dichas generaciones y reformas, y a través de diferentes artículos se intenta dar respuesta a las interrogantes: ¿Cuáles son los lazos entre sociedad, pobreza y Estado?¿Cuál es la situación de la atención a la salud de la población?¿Cómo se delinean los cauces y los canales de la intervención pública y privada en la salud? Y ¿Cuál es la posible evolución de la pobreza y de la atención a la salud de la población?. El primer tomo se divide en tres partes, la primera refiera a reformas sociales e instituciones públicas, la segunda a reformas sociales y de salud, y la tercera a reformas sociales, desigualdad y pobreza. KDV/300817 | ||
| 650 | 1 | 0 | |9 839 |a PROBLEMAS SOCIALES |
| 650 | 1 | 0 | |9 390 |a REFORMA ECONOMICA |
| 650 | 1 | 0 | |9 408 |a SERVICIOS DE SALUD |
| 650 | 1 | 0 | |9 243 |a ESTADO |
| 650 | 1 | 0 | |9 26 |a SOCIEDAD |
| 650 | 1 | 0 | |9 284 |a POBREZA |
| 650 | 1 | 0 | |9 4450 |a REFORMA POLITICA |
| 650 | 0 | |9 5409 |a REFORMA SOCIAL | |
| 650 | 0 | |a DESIGUALDAD ECONOMICA |9 4894 | |
| 650 | 0 | |9 3745 |a INTERVENCION DEL ESTADO | |
| 650 | 0 | |9 5332 |a AUTORIDADES NACIONALES | |
| 651 | 1 | 0 | |9 17 |a AMERICA LATINA |
| 700 | |a Valencia Lomelí, Enrique, coordinador | ||
| 942 | |2 ddc |c LI | ||
| 999 | |c 14451 |d 14451 | ||



